MyGZULibrary

Managing and developing new forms of work organisation / (Record no. 3336)

MARC details
000 -LEADER
fixed length control field 00926nam a2200289 a 4500
001 - CONTROL NUMBER
control field 3263639
003 - CONTROL NUMBER IDENTIFIER
control field GZU
005 - DATE AND TIME OF LATEST TRANSACTION
control field 20201125100327.0
008 - FIXED-LENGTH DATA ELEMENTS--GENERAL INFORMATION
fixed length control field 830621s1980 sz a b i000 0 eng
010 ## - LIBRARY OF CONGRESS CONTROL NUMBER
LC control number 81106856
015 ## - NATIONAL BIBLIOGRAPHY NUMBER
National bibliography number Sw***
020 ## - INTERNATIONAL STANDARD BOOK NUMBER
International Standard Book Number 9221021459 (pbk.) :
Terms of availability 20.00F
040 ## - CATALOGING SOURCE
Original cataloging agency DLC
Transcribing agency DLC
Modifying agency DLC
050 00 - LIBRARY OF CONGRESS CALL NUMBER
Classification number HD 31
Item number .MAN 1980
082 00 - DEWEY DECIMAL CLASSIFICATION NUMBER
Classification number 658.4/02
Edition number 19
245 00 - TITLE STATEMENT
Title Managing and developing new forms of work organisation /
Statement of responsibility, etc. edited by George Kanawaty ... [et al.].
260 ## - PUBLICATION, DISTRIBUTION, ETC.
Place of publication, distribution, etc. Geneva :
Name of publisher, distributor, etc. International Labour Office,
Date of publication, distribution, etc. 1980.
300 ## - PHYSICAL DESCRIPTION
Extent vii, 158 p. :
Other physical details ill. ;
Dimensions 24 cm.
440 #0 - SERIES STATEMENT/ADDED ENTRY--TITLE
Title Management development series ;
Volume/sequential designation no. 16
504 ## - BIBLIOGRAPHY, ETC. NOTE
Bibliography, etc. note Includes bibliographical references.
650 #0 - SUBJECT ADDED ENTRY--TOPICAL TERM
Topical term or geographic name entry element Industrial organization.
650 #0 - SUBJECT ADDED ENTRY--TOPICAL TERM
Topical term or geographic name entry element Work design.
650 #0 - SUBJECT ADDED ENTRY--TOPICAL TERM
Topical term or geographic name entry element Organizational change.
700 1# - ADDED ENTRY--PERSONAL NAME
Personal name Kanawaty, George.
906 ## - LOCAL DATA ELEMENT F, LDF (RLIN)
a 7
b cbc
c orignew
d 3
e ncip
f 19
g y-gencatlg
942 ## - ADDED ENTRY ELEMENTS (KOHA)
Source of classification or shelving scheme Library of Congress Classification
Koha item type Books
Classification part 31
Item part MAN
Call number prefix HD
Holdings
Withdrawn status Lost status Damaged status Not for loan Collection code Home library Current library Shelving location Date acquired Total Checkouts Full call number Barcode Date last seen Copy number Price effective from Koha item type
        Non-fiction City Campus Library City Campus Library General Stacks 11/25/2020   HD 31 MAN 1981 028301 11/25/2020 c.1 11/25/2020 Books